Capitals of countries starting with A - Statistics

General Stats
  • This quiz has been taken 24 times
  • The average score is 10 of 11
Answer Stats
Hint Answer % Correct
Algeria Algiers
100%
Andorra Andorra la Vella
100%
Australia Canberra
100%
Afghanistan Kabul
100%
Austria Vienna
100%
Argentina Buenos Aires
96%
Azerbaijan Baku
87%
Albania Tirana
87%
Angola Luanda
83%
Armenia Yerevan
83%
Antigua and Barbuda Saint John's
61%
No matching quizzes found
Score Distribution
Percent of People with Each Score
Percentile by Number Answered
Your Score History
You have not taken this quiz